00579nam a2200169Ia 4500003000900000008004100009040001600050080001600066100003000082245018000112260002600292300001500318650004100333650001200374700001200386700001100398IN-BaIIA211028s9999 xx 000 0 eng d cIIA Library a528.02bSCH aHermann, De Schlagintweit 0aResults of a scientific mission to India and high Asia undertaken between the years 1854 and 1859bvol. II, meteriology of IndiacDe Schlagintweit, Hermann, Adolphe and Robert aLondonbTrubnerc1866 axvi, 586p. aAstronomy and Astrophysics Thesaurus aGeodesy aAdolphe aRobert